Niños con pataleta, adolescentes desafiantes: Cómo manejar los trastornos de conducta en los hijos.

Guardado en:
Detalles Bibliográficos
Autor principal: Céspedes Calderón, Amanda (autora)
Formato: Libro
Publicado: Santiago, Chile: Ediciones B Chile, 2007.
Edición:1a. edición.
Colección:Diagnóstico, cambios que transforman la vida.
Materias:
Etiquetas: Agregar Etiqueta
Sin Etiquetas, Sea el primero en etiquetar este registro!

MARC

LEADER 00000nam a22000007a 4500
003 CL-VaPUC
005 20250310150400.0
008 240822t2007 ||||| |||| 00| 0 eng d
999 |c 444486  |d 444484 
020 |a 9789563040319 
040 |c Pontificia Universidad Católica de Valparaíso 
082 7 |a 616.89142 CES 2007  |2 22 
100 |9 534972  |a Céspedes Calderón, Amanda  |e autora 
245 |a Niños con pataleta, adolescentes desafiantes:  |b Cómo manejar los trastornos de conducta en los hijos. 
250 |a 1a. edición. 
260 |a Santiago, Chile:  |b Ediciones B Chile,  |c 2007. 
300 |a 152 páginas. 
490 |a Diagnóstico, cambios que transforman la vida. 
500 |a c.1 donación memo de Biblioteca de Educación 14 de agosto de 2024. 
583 |c 20240822  |k Gabriela Rodríguez Cuevas 
650 0 |9 309495  |a Conducta infantil  |x Trastornos de conducta 
650 0 |9 662992  |a Psicología infantil  
942 |2 ddc  |c BK 
952 |0 0  |1 0  |2 ddc  |4 0  |6 616_891420000000000_CES_2007  |7 0  |8 A  |9 596346  |a BIBEDU  |b BIBEDU  |d 2024-08-22  |e Donación  |i 5662456  |o 616.89142 CES 2007  |p 5662456  |r 2024-08-22  |t 1  |w 2024-08-22  |y BK  |k PSI